Kościół Pokoju w Świdnicy w okresie habsburskim

Titel: Kościół Pokoju w Świdnicy w okresie habsburskim : wystrój i wyposażenie / Agnieszka Seidel-Grzesińska
Verfasser:
In: Rocznik historii sztuki, Band 42 (2017), Seite 137-171
alle Artikel anzeigen
Veröffentlicht: Warszawa : Polska Akademia Nauk Komitet Nauk o Sztuce, 2017
Umfang: Illustrationen
Format: Aufsatz
Sprache: Polnisch
Schlagworte:
Vorliegende Ausgabe: Online-Ausgabe Heidelberg: Universitätsbibliothek Heidelberg, 2019.
Kein Bild verfügbar
X
alg: 47272581
001A    $06055:21-11-20 
001B    $03025:17-02-26 $t13:59:04.000 
001D    $06055:21-11-20 
001U    $0utf8 
001X    $00 
002@    $0Oox 
002C    $aText $btxt $2rdacontent 
002D    $aComputermedien $bc $2rdamedia 
002E    $aOnline-Ressource $bcr $2rdacarrier 
003@    $0472725815 
004P    $010.11588/diglit.39128.9 $SV98 
004U    $0urn:nbn:de:bsz:16-diglit-391283 $SV98 
007A    $0472725815 $aHEB 
007I    $0HHB-497854406 
007I    $0HHB-1567854400 
009Q    $SV98 $uhttps://digi.ub.uni-heidelberg.de/diglit/rhs2017/0137 $xH 
010@    $apol 
011@    $a2017 
011B    $a2019 
021A    $aKościół Pokoju w Świdnicy w okresie habsburskim $dwystrój i wyposażenie $hAgnieszka Seidel-Grzesińska 
028A    $BVerfasser $#Grzesińska, Agnieszka Seidel- $#Seidel, Agnieszka $4aut $71161872914 $8Seidel-Grzesińska, Agnieszka [Tp3] $9433062800 
031A    $d42 $h137-171 $j2017 
033A    $pWarszawa $nPolska Akademia Nauk Komitet Nauk o Sztuce 
033N    $pHeidelberg $nUniversitätsbibliothek Heidelberg 
034M    $aIllustrationen 
037A    $aElektronische Reproduktion der Druckausgabe 
037G    $aOnline-Ausgabe 
039B    $aEnthalten in $8--Obvc--. Rocznik historii sztuki. - Warszawa : Polska Akademia Nauk, 1956-. - Online-Ressource. - ISSN 2720-2933. - DOI 10.11588/diglit.12451. - urn:nbn:de:bsz:16-diglit-124512 $x201700000420000863 $9290997941 
044K    $RŚwidnica $#Dreifaltigkeitskirche Świdnica Świdnica $#Zur heiligen Dreifaltigkeit Świdnica Świdnica $#Kościół Pokoju Świdnica $#Peace church Świdnica $#Kościół Pokoju w Świdnicy $#Peace Church in Świdnica $#Friedenskirche zu Schweidnitz $74355501-9 $8Friedenskirche Świdnica$gŚwidnica [Tg1] $9088248178 
045T    $a9,10 

lok: 47272581 3

exp: 47272581 3 1 #EPN
201B/01 $023-11-20 $t22:52:48.434 
201C/01 $023-11-20 
201U/01 $0utf8 
203@/01 $01131130170 
204P/01 $010.11588/diglit.39128.9 $SV98 
208@/01 $a23-11-20 $bl 

lok: 47272581 78

exp: 47272581 78 1 #EPN
201B/01 $017-02-26 $t13:58:53.000 
201C/01 $022-01-25 
201U/01 $0utf8 
203@/01 $01289531536 
208@/01 $a22-01-25 $be 
209A/01 $a/ $f000 $x00 
209A/01 $ab*p $x01 
220C/01 $aeja 
220C/01 $apgar 
244Z/01 $#Generalgouvernement Polen $#Polska $#Rzeczpospolita Polska $#Polska Rzeczpospolita Ludowa $#Poland $#Pologne $#République Polonaise $#Generalne Gubernatorstwo w Polsce $#Polish People's Republic $#Polska Rzeczpospolita Polen $#PRL $#RP $#Polen Generalgouvernement $#Polska Generalgouvernement $#Besetzte Polnische Gebiete $#Besetztes Gebiet in Polen $#Okupowane Polskie Obszary $#Obszary Okupowane w Polsce $#Volksrepublik Polen $#Polska Rosyjska $#Republic Polen $#Respublika Pol'ša $#Pol'skaja Narodnaja Respublika $#République de Pologne $#Polen Links der Weichsel $#Polska po Lewej Stronie Wisły $#Lenkija $#Polija $#Gubernija Carstva Pol'skago $#Republik Polen $74046496-9 $8--Tg1--Polen $x01 $9085129801 
244Z/01 $#Schlesien $#Schlesien $#Herzogtum Schlesien $#Herzogtum Schlesien Schlesien $#Provinz Schlesien $#Śla̜sk $#Slezsko $#Silesia $74052678-1 $8--Tg1--Schlesien $x02 $9085146781 
247C/01 $82080>Marburg/Lahn, Herder-Institut, Forschungsbibliothek, Bibliographieportal $9336309341
LEADER 00000caa a22000002c 4500
001 472725815
003 DE-603
005 20260217135904.0
007 cr||||||||||||
008 201121s2017 xx |||| o| u00||u|pol c
024 7 |a 10.11588/diglit.39128.9  |2 doi 
024 7 |a urn:nbn:de:bsz:16-diglit-391283  |2 urn 
035 |a (DE-599)HEB472725815 
040 |a DE-603  |b ger  |c DE-603  |d DE-603 
041 |a pol 
084 |a 9,10  |2 ssgn 
100 1 |a Seidel-Grzesińska, Agnieszka  |e Verfasser  |4 aut  |0 (DE-603)433062800  |0 (DE-588)1161872914  |2 gnd 
245 0 0 |a Kościół Pokoju w Świdnicy w okresie habsburskim  |b wystrój i wyposażenie  |c Agnieszka Seidel-Grzesińska 
264 1 |a Warszawa  |b Polska Akademia Nauk Komitet Nauk o Sztuce  |c 2017 
300 |b Illustrationen 
336 |a Text  |b txt  |2 rdacontent 
337 |a Computermedien  |b c  |2 rdamedia 
338 |a Online-Ressource  |b cr  |2 rdacarrier 
500 |a Elektronische Reproduktion der Druckausgabe 
530 |a Online-Ausgabe 
533 |b Heidelberg  |c Universitätsbibliothek Heidelberg  |d 2019  |7 s2019uuuuxx u| 
651 7 |a Friedenskirche Świdnica  |g Świdnica  |0 (DE-588)4355501-9  |0 (DE-603)088248178  |2 gnd 
773 0 8 |i Enthalten in  |t Rocznik historii sztuki  |d Warszawa : Polska Akademia Nauk, 1956-  |h Online-Ressource  |o 10.11588/diglit.12451  |o urn:nbn:de:bsz:16-diglit-124512  |x 2720-2933  |g Band 42 (2017), Seite 137-171  |w (DE-603)290997941  |w (DE-600)2654042-3 
856 |u https://digi.ub.uni-heidelberg.de/diglit/rhs2017/0137  |x Verlag 
924 1 |9 603  |a (DE-603)1131130170  |b DE-603  |c HES  |d d 
924 1 |9 2080  |a (DE-603)1289531536  |b DE-2080  |c HES  |d d  |g /